[Event "Tournament (team)"]
[Site "masterchessopen.com Andorra"]
[Date "2004.05.29"]
[Round "1"]
[White "Oms Pallise Josep (AND)"]
[Black "Narciso Dublan Marc (ESP)"]
[Result "1-0"]
[WhiteElo "2508"]
[BlackElo "2487"]

{ } 1.d4 { 1 } 1...e6 2.c4 b6 3.Nc3 Bb4 4.e3 Nf6 5.Ne2 Ne4 6.Bd2 Nxd2 7.Qxd2 {
?/= } 7...d5 ( 7...O-O 8.a3 Be7 9.d5 Ba6 10.Ng3 d6 11.Be2 e5 12.e4 Bg5 13.Qc2
g6 14.b4 Bc8 15.Bd3 a5 16.O-O Na6 17.Rab1 h5 { 1/2-1/2, Lautier Joel 2653 -
Short Nigel D 2675 , Leon 2001 Ch Europe (team) } ) ( 7...Bb7 8.d5 Na6 9.g3
Nc5 10.Bg2 Ba6 11.Rd1 Bxc4 12.Qd4 Bxe2 13.Kxe2 Bxc3 14.Qxc3 O-O 15.b4 Na4
16.Qc2 b5 17.dxe6 fxe6 18.Bxa8 Qxa8 19.e4 d5 20.Qxc7 a5 21.bxa5 b4 22.Kf1 Nc3
23.Kg2 Qa6 24.Qb6 Qxb6 25.axb6 Nxd1 26.Rxd1 Rb8 27.Rb1 { ...0-1, Bareev Evgeny
2675 - Sokolov Ivan 2625 , Madrid 1994 It (cat.16) } ) ( 7...Ba6 8.a3 Bxc3
9.Nxc3 d5 10.b3 Nc6 11.Be2 dxc4 12.Rb1 O-O 13.O-O Ne7 14.Rfd1 Qd7 15.bxc4 Rfd8
16.Qc2 Nc6 17.Na2 Qc8 18.Bf3 Bb7 19.c5 Na5 20.Bxb7 Qxb7 21.Nb4 c6 22.a4 h6
23.Rf1 Rdc8 24.h3 Rc7 25.Qa2 Rb8 26.Rb2 Qc8 27.Nd3 { ...1/2-1/2, Epishin
Vladimir 2626 - De Firmian Nick E 2537 , Copenhagen 2002 It (open) "Politiken
Cup" } ) 8.cxd5 ( 8.a3 Be7 9.cxd5 exd5 10.Nf4 c6 11.Bd3 O-O 12.Nce2 Bd6 13.h4
Re8 14.Qc2 h6 15.h5 Bxf4 16.Nxf4 Qd6 17.O-O Nd7 18.Rfc1 Bb7 19.b4 Nf6 20.Qb3
Bc8 21.Rc3 Bd7 22.Rac1 b5 23.Qc2 Re7 24.Rxc6 Bxc6 25.Qxc6 Qxc6 26.Rxc6 a6
27.Bf5 Kf8 { ...0-1, Speelman Jonathan S 2590 - Korchnoi Viktor 2575 , Monte
Carlo 1992 It (active) } ) 8...exd5 9.a3 ( 9.Nf4 c6 10.Bd3 Ba6 11.O-O O-O
12.Rac1 Bd6 13.Nce2 Bb7 14.e4 dxe4 15.Bxe4 Qf6 16.Qe3 Na6 17.Qf3 Rac8 18.a3
Nb8 19.Rc3 Ba6 20.Qg4 Bxf4 21.Nxf4 Bxf1 22.Nh5 Qh6 23.Rh3 f5 24.Bxf5 Rxf5
25.Qxf5 Rf8 26.Qc2 Ba6 27.Nf6+ Qxf6 28.Qxh7+ Kf7 { ...0-1, Nilssen John Arni
2354 - Sjoberg Mats 2357 , Stockholm 2000 It (cat.4) } ) 9...Be7 ( 9...Bxc3
10.Nxc3 Be6 11.Be2 Nd7 12.O-O O-O 13.b4 c6 14.b5 cxb5 15.Bxb5 Nf6 16.Rfc1 Qd6
17.h3 a6 18.Bd3 b5 19.Na2 Rfc8 20.Qb4 Qd7 21.Rxc8+ Qxc8 22.Rc1 Qd8 23.Rc5 Nd7
24.Rc6 g6 25.Qd6 Qa5 26.Qb4 Qd8 27.Nc3 Nf6 28.Ne2 Qd7 29.Qc5 { ...1-0,
Zilberman Yaacov 2485 - Fiol Fabrice 2271 , Gausdal 1995 It (open) } ) 10.Nf4
( 10.g3 c6 11.Bg2 Nd7 12.O-O O-O 13.b4 a6 14.Nf4 Nf6 15.Nd3 Bf5 16.Ne5 Rc8
17.Rac1 Nd7 18.Nxd7 Qxd7 19.Na4 Rb8 20.Qd1 Qe6 21.Rc3 Qg6 22.Qe2 b5 23.Nb2 a5
24.Rfc1 axb4 25.Rxc6 Rfc8 26.Rxc8+ Rxc8 27.Rxc8+ Bxc8 28.axb4 Qb1+ 29.Nd1 Be6
{ ...1/2-1/2, Kharlov Andrei 2656 - Korchnoi Viktor 2639 , Kazan 2001 Match
"Europe-Tatarstan" } ) 10...c6 { } 11.g3 { N } ( 11.Be2 O-O 12.O-O Nd7 13.Bf3
Bg5 14.Nd3 Qf6 15.Rfd1 Bb7 16.b4 a6 17.Bg4 Qd6 18.Bxd7 Qxd7 19.a4 a5 20.b5
cxb5 21.Nxb5 Rfc8 22.Ne5 Qe6 23.Rdc1 Bd8 24.h3 f6 25.Nd3 g5 26.Nb2 Ba6 27.Qd3
Rxc1+ 28.Rxc1 Rc8 29.Rxc8 Qxc8 30.Qb3 Bb7 { ...1/2-1/2, Stanec Nikolaus 2539 -
Korchnoi Viktor 2569 , Vienna 2003 It (open) } ) ( 11.Bd3 O-O 12.Nce2 ( 12.O-O
Bb7 13.Rfd1 Nd7 14.b4 a6 15.e4 Bg5 16.exd5 cxd5 17.Nce2 Re8 18.Qa2 Nf6 19.Qb3
Qd6 20.g3 Re7 21.Bb1 Rae8 22.Qf3 g6 23.Bd3 Bh6 24.Ra2 Ne4 25.Rc2 Ng5 26.Qg2
Ne6 27.Nxe6 Rxe6 28.Qf1 R6e7 29.h3 Bg7 30.Kg2 h5 { ...1/2-1/2, Kadimova Ilaha
2355 - Froehlich Peter 2255 , Altensteig 1994 It } ) 12...Bd6 13.h4 Re8 14.Qc2
h6 15.h5 Bxf4 16.Nxf4 Qd6 17.O-O Nd7 18.Rfc1 Bb7 19.b4 Nf6 20.Qb3 Bc8 21.Rc3
Bd7 22.Rac1 b5 23.Qc2 Re7 24.Rxc6 Bxc6 25.Qxc6 Qxc6 26.Rxc6 a6 27.Bf5 Kf8
28.g4 Raa7 29.Rc8+ Re8 30.Rc5 Rb8 { ...0-1, Speelman Jonathan S 2590 -
Korchnoi Viktor 2575 , Monte Carlo 1992 It (active) } ) 11...Nd7 12.Bg2 Bb7
13.O-O O-O 14.Rac1 Rc8 15.Rfd1 Re8 16.Nd3 a6 17.e4 dxe4 18.Nxe4 f5 19.Nc3 Bd6
20.Re1 Nf8 21.Qc2 Nd7 22.Qb3+ Kh8 23.Re6 Bf8 { ? } ( { ? } 23...Rxe6 24.Qxe6
Qe7 25.Qxf5 Rf8 { } ) 24.Rxe8 Qxe8 25.Re1 Qd8 26.Nf4 { ? } ( { ? } 26.Qf7 Qc7
27.Qxf5 Rd8 28.Re6 { } ) 26...Qf6 27.Re6 { ?! } ( 27.Ne6 { !? } 27...Bd6
28.Na4 Re8 29.Re3 { } ) 27...Qxd4 28.Re1 Bc5 29.Nd3 b5 { ? } ( { ? } 29...Bf8
30.Rd1 Qf6 31.Nf4 Rd8 { } ) 30.Nxc5 Nxc5 31.Qf7 h6 32.Qxf5 { ? } ( { ? }
32.Bh3 Qf6 33.Qxf6 gxf6 34.Re7 { } ) 32...Qd6 { ?! } ( 32...Rg8 { !? } 33.Rd1
Bc8 34.Qg6 Qe5 { } ) 33.b4 Nb3 34.Qf7 Rf8 35.Qxb3 Qd2 36.Rf1 { } {#r} 1-0

[Event "It (open)"]
[Site "masterchessopen.com Santxenxo (Spain)"]
[Date "2004.06.18"]
[Round "6"]
[White "Cebrian Ramos Jose Luis (ESP)"]
[Black "De La Fuente Mayan Alfredo (ESP)"]
[Result "1-0"]
[WhiteElo "2127"]
[BlackElo "2174"]

1.d4 Nf6 2.c4 e6 3.Nc3 Bb4 4.e3 b6 5.Ne2 Ne4 6.Bd2 Nxd2 7.Qxd2 O-O 8.a3 Be7
9.e4 d6 10.g3 Ba6 11.b3 c6 12.Bg2 Nd7 13.O-O Rc8 14.Kh1 Bg5 15.f4 Bh6 16.g4 g6
17.g5 Bg7 18.f5 exf5 19.exf5 gxf5 20.Rxf5 d5 21.cxd5 c5 22.Ne4 cxd4 23.Raf1
Kh8 24.Nd6 Rc2 25.Qxc2 d3 26.Qd2 dxe2 27.Re1 Ne5 28.Nc4 Nxc4 29.bxc4 Bxc4
30.Rxe2 Bxe2 31.Qxe2 Re8 32.Qd1 Bc3 33.Rf1 Qd6 34.Qd3 Bg7 35.Qf5 Qg6 36.Qd7
Rf8 37.Qe7 Rc8 38.d6 Bf8 39.d7 {#r} 1-0

[Event "It (cat.8)"]
[Site "masterchessopen.com New York (USA)"]
[Date "2004.06.19"]
[Round "3"]
[White "Sarkar Justin (USA)"]
[Black "Times Jerald W (USA)"]
[Result "1-0"]
[WhiteElo "2386"]
[BlackElo "2209"]

1.d4 Nf6 2.c4 e6 3.Nc3 Bb4 4.e3 b6 5.Ne2 O-O 6.a3 Bxc3+ 7.Nxc3 c5 8.d5 exd5
9.cxd5 d6 10.Bd3 Nbd7 11.f4 Bb7 12.Qf3 b5 13.Bxb5 Bxd5 14.Nxd5 Qa5+ 15.Nc3
{#r} 1-0

[Event "It (open) \"]
[Site "masterchessopen.com Belgrade (Yugoslavia)"]
[Round "0"]
[White "Stankovic Branislav D (SRB)"]
[Black "Nestorovic Lazar (SRB)"]
[Result "1-0"]
[WhiteElo "2274"]
[BlackElo "1990"]

1.d4 Nf6 2.c4 e6 3.Nc3 Bb4 4.e3 b6 5.Ne2 Bb7 6.a3 Bxc3+ 7.Nxc3 d6 8.Bd3 Nbd7
9.O-O O-O 10.e4 e5 11.d5 Qc8 12.b4 Re8 13.Be3 c6 14.dxc6 Bxc6 15.f3 h6 16.Rc1
Re6 17.Bc2 Nh5 18.Qd2 Rg6 19.Nd5 Qd8 20.Qf2 Ndf6 21.Rfd1 Nd7 22.Bb3 Bxd5
23.Rxd5 Nhf6 24.Rd3 Ne8 25.c5 Rc8 26.Rcd1 Qe7 27.cxd6 Rxd6 28.Rxd6 Nxd6 29.Qd2
Ne8 30.Qxd7 Qxd7 31.Rxd7 Rc3 32.Bxf7+ Kf8 33.Bd2 Rxa3 34.b5 Ra1+ 35.Kf2 Rb1
36.Bc4 Nf6 37.Rf7+ Ke8 38.Rxg7 Nh5 39.Rxa7 {#r} 1-0

[Event "It (cat.11)"]
[Site "masterchessopen.com Bangkok (Thailand)"]
[Date "2004.08.04"]
[Round "8"]
[White "Dao Thien Hai (VIE)"]
[Black "Aung Aung (MYA)"]
[Result "1-0"]
[WhiteElo "2601"]
[BlackElo "2443"]

1.d4 Nf6 2.c4 e6 3.Nc3 Bb4 4.e3 b6 5.Ne2 Bb7 6.a3 Bxc3+ 7.Nxc3 O-O 8.f3 d6
9.Bd3 Nbd7 10.O-O Qe7 11.b4 c5 12.Bb2 Rac8 13.Rc1 h6 14.Re1 cxd4 15.exd4 e5
16.Nb5 a6 17.Nxd6 Qxd6 18.dxe5 {#r} 1-0

[Event "Cup Rilton"]
[Site "masterchessopen.com Stockholm (Sweden)"]
[Date "2005.01.02"]
[Round "6"]
[White "Hayes Stuart (SCO)"]
[Black "Turpin Alexander (SWE)"]
[Result "0-1"]
[WhiteElo "2065"]
[BlackElo "2082"]

1.d4 Nf6 2.c4 e6 3.Nc3 Bb4 4.e3 b6 5.Ne2 Bb7 6.a3 Be7 7.Ng3 d5 8.cxd5 exd5
9.Nf5 O-O 10.Nxe7+ Qxe7 11.Bd3 Ba6 12.Bc2 Rd8 13.b4 Bc4 14.Ne2 a5 15.bxa5 Rxa5
16.O-O c5 17.Re1 Nc6 18.Bd2 Ra7 19.Rb1 Qc7 20.dxc5 bxc5 21.a4 Ne4 22.Bxe4 dxe4
23.Nc3 Bd3 24.Nb5 Bxb5 25.axb5 Nb4 26.Qe2 Ra2 27.Qc4 Rdxd2 28.Rxb4 Rxf2 {#R}
0-1

[Event "Ch PriFO"]
[Site "masterchessopen.com Izhevsk (Russia)"]
[Date "2005.03.16"]
[Round "1"]
[White "Iljushin Alexei (RUS)"]
[Black "Derbenev Andrey (RUS)"]
[Result "1-0"]
[WhiteElo "2546"]
[BlackElo "2319"]

1.d4 Nf6 2.c4 e6 3.Nc3 Bb4 4.e3 b6 5.Ne2 Bb7 6.a3 Be7 7.d5 O-O 8.g3 a5 9.Bg2
Na6 10.O-O Nc5 11.b3 Qb8 12.Rb1 c6 13.e4 cxd5 14.exd5 exd5 15.cxd5 Ne8 16.Be3
Qd8 17.b4 axb4 18.axb4 Na6 19.d6 Nxd6 20.Bxb7 Nxb7 21.Nd5 d6 22.Nd4 Bf6 23.Nf5
Kh8 24.Qd3 Re8 25.Nxb6 Nc7 26.Nxa8 Qxa8 27.Bd4 Bxd4 28.Qxd4 Ne6 29.Qd5 Qa7
30.Rfe1 Rd8 31.b5 Qb6 32.Qc6 {#r} 1-0

[Event "It (open)"]
[Site "masterchessopen.com Dubai (United Arab Emirates)"]
[Date "2005.04.05"]
[Round "2"]
[White "Vladimirov Evgeny (KAZ)"]
[Black "Safarli Eltaj (AZE)"]
[Result "1-0"]
[WhiteElo "2616"]
[BlackElo "2364"]

1.d4 Nf6 2.c4 e6 3.Nc3 Bb4 4.e3 b6 5.Ne2 Bb7 6.a3 Bxc3+ 7.Nxc3 d6 8.Bd3 O-O
9.O-O Nbd7 10.e4 Qe7 11.Re1 e5 12.d5 Ne8 13.b4 g6 14.Be3 f5 15.exf5 gxf5 16.f4
Ng7 17.Rc1 c5 18.dxc6 Bxc6 19.Qd2 Nf6 20.c5 bxc5 21.fxe5 dxe5 22.Bxc5 Qc7
23.Bxf8 Rxf8 24.Na4 e4 25.Bb5 Ng4 26.g3 Ne5 27.Rf1 Rd8 28.Qc3 Nf3+ 29.Rxf3
exf3 30.Bxc6 {#r} 1-0

[Event "Ch SCG (team)"]
[Site "masterchessopen.com Herceg Novi (Montenegro)"]
[Date "2005.05.19"]
[Round "5"]
[White "Nikolic Nebojsa (MNE)"]
[Black "Petrov Georgi (SRB)"]
[Result "0-1"]
[WhiteElo "2363"]
[BlackElo "2259"]

1.d4 Nf6 2.c4 e6 3.Nc3 Bb4 4.e3 b6 5.Ne2 Bb7 6.a3 Be7 7.d5 O-O 8.Ng3 d6 9.Be2
c6 10.e4 Re8 11.O-O Na6 12.b4 Nc7 13.Bf3 cxd5 14.exd5 exd5 15.cxd5 Nd7 16.Bb2
Bf6 17.Nge4 Be5 18.Qd2 b5 19.Be2 f5 20.f4 fxe4 21.fxe5 Nxe5 22.Qd4 Qd7 23.Bh5
Rf8 24.Qxe4 Nc4 25.Bc1 Rxf1+ 26.Kxf1 Rf8+ 27.Bf3 Ne5 28.Kf2 Nxf3 29.gxf3 Qf7
30.Bb2 Nxd5 31.Nxd5 Bxd5 32.Qd3 Bxf3 33.Kg1 Qf4 34.Qb3+ d5 35.Qc3 Qg5+ 36.Kf2
Be4+ {#R} 0-1

[Event "Ch England (team) 2004/05 (4 div)"]
[Site "masterchessopen.com England"]
[Date "2005.05.30"]
[Round "11"]
[White "Allen Syd"]
[Black "Laurence Geoff"]
[Result "1-0"]
[WhiteElo "2239"]
[BlackElo "2099"]

1.d4 Nf6 2.c4 e6 3.Nc3 Bb4 4.e3 b6 5.Ne2 Ne4 6.Bd2 Nxd2 7.Qxd2 Bb7 8.a3 Bxc3
9.Nxc3 f5 10.Be2 d6 11.d5 e5 12.g4 fxg4 13.Bxg4 Qh4 14.Qe2 O-O 15.Ne4 a5
16.Rg1 Na6 17.Rg3 Bc8 18.O-O-O Bf5 19.Bxf5 Rxf5 20.Rg4 Qxh2 21.Rxg7+ Kxg7
22.Qg4+ Kh8 23.Qxf5 Qh6 24.Ng5 Qg6 25.Qxg6 hxg6 26.Rh1+ Kg7 27.Rh7+ Kf6
28.Ne4+ Kf5 29.Rf7+ Kg4 30.f3+ Kh3 31.Kd2 Rh8 32.Rg7 Rh6 33.Ke2 Kg2 34.Nf6 Kh1
35.Ng4 Rh4 36.Rxg6 Rxg4 37.Rxg4 Nc5 38.b4 axb4 39.axb4 Nb3 40.Kf2 {#r} 1-0

[Event "Ch Paris (open)"]
[Site "masterchessopen.com Paris (France)"]
[Round "7"]
[White "Moradiabadi Elshan (IRI)"]
[Black "Nguyen Chi-Minh (FRA)"]
[Result "1-0"]
[WhiteElo "2497"]
[BlackElo "2371"]

1.d4 e6 2.c4 Nf6 3.Nc3 Bb4 4.e3 b6 5.Ne2 Ne4 6.Qb3 c5 7.Ng3 Bxc3+ 8.bxc3 Nf6
9.e4 d6 10.Be2 Nc6 11.Be3 Nd7 12.Qa4 Qc7 13.d5 Na5 14.dxe6 fxe6 15.Rd1 O-O
16.O-O Ne5 17.f4 Bd7 18.Qc2 Nexc4 19.Bc1 Qd8 20.e5 Qe8 21.exd6 Ba4 22.Qe4 Bxd1
23.Rxd1 Kh8 24.d7 {#r} 1-0

[Event "It (open)"]
[Site "masterchessopen.com Cambados (Spain)"]
[Date "2005.07.28"]
[Round "6"]
[White "Patino Romaris Juan Roberto (ESP)"]
[Black "Alonso Gonzalez Fernando (ESP)"]
[Result "1-0"]
[WhiteElo "2175"]
[BlackElo "1722"]

1.d4 Nf6 2.c4 e6 3.Nc3 Bb4 4.e3 b6 5.Ne2 Bb7 6.a3 Be7 7.d5 exd5 8.cxd5 d6
9.Ng3 O-O 10.Be2 a5 11.O-O Nbd7 12.e4 Re8 13.Bb5 Ba6 14.Re1 Bxb5 15.Nxb5 Nc5
16.f3 a4 17.Be3 Nfd7 18.Rc1 Bh4 19.Re2 g6 20.Rc4 Bf6 21.Rec2 h5 22.Ne2 g5
23.Ned4 Ne5 24.Nc6 Nxc4 25.Bxc5 Qd7 26.Bf2 Na5 27.Nxc7 Qxc7 28.Nxa5 Qd7 29.Nc6
Qb7 30.Qc1 h4 31.Be3 Kh7 32.Bxg5 {#r} 1-0

[Event "Memorial Adolfo Pedrido (open)"]
[Site "masterchessopen.com Arosa (Spain)"]
[Date "2005.08.05"]
[Round "5"]
[White "Patino Romaris Juan Roberto (ESP)"]
[Black "Sanchez Aller Fernando (ESP)"]
[Result "1-0"]
[WhiteElo "2175"]
[BlackElo "2274"]

1.d4 Nf6 2.c4 e6 3.Nc3 Bb4 4.e3 b6 5.Ne2 Ne4 6.Bd2 Nxd2 7.Qxd2 O-O 8.a3 Be7
9.d5 c5 10.g3 Bb7 11.Bg2 d6 12.O-O e5 13.Rae1 Nd7 14.f4 a6 15.a4 Bc8 16.Kh1 f5
17.Bh3 h5 18.e4 exf4 19.gxf4 Bh4 20.Ng3 fxe4 21.Be6+ Kh8 22.Ncxe4 Nf6 23.Ng5
Bxg5 24.fxg5 Ng4 25.Nxh5 Bxe6 26.dxe6 Qe7 27.Rf4 Ne5 28.Qd5 Rae8 29.Rh4 Qxg5
30.Qe4 Nf3 31.Rh3 Kg8 32.Nxg7 Rf4 33.Qh7+ Kf8 34.Qh8+ {#r} 1-0

[Event "It (open)"]
[Site "masterchessopen.com Porto San Giorgio (Italy)"]
[Date "2005.08.24"]
[Round "3"]
[White "Efimov Igor (MNC)"]
[Black "Altini Daniele (ITA)"]
[Result "1-0"]
[WhiteElo "2403"]
[BlackElo "2292"]

1.d4 Nf6 2.c4 e6 3.Nc3 Bb4 4.e3 b6 5.Ne2 Bb7 6.a3 Bxc3+ 7.Nxc3 d5 8.cxd5 exd5
9.Bb5+ c6 10.Bd3 O-O 11.O-O Qd6 12.b4 Nbd7 13.Qf3 Rfe8 14.Bd2 a6 15.Rab1 b5
16.Rfe1 Nb6 17.e4 dxe4 18.Nxe4 Nxe4 19.Rxe4 Nd5 20.Rh4 g6 21.Rc1 a5 22.bxa5
Qxa3 23.Rxh7 Kxh7 24.Bxg6+ {#r} 1-0

[Event "Ch Spain (team) (Honor 2)"]
[Site "masterchessopen.com Sant Lluis (Spain)"]
[Round "1"]
[White "Del Rio Angelis Salvador G (ESP)"]
[Black "Lezcano Jaen Pedro (ESP)"]
[Result "1-0"]
[WhiteElo "2489"]
[BlackElo "2393"]

1.d4 Nf6 2.c4 e6 3.Nc3 Bb4 4.e3 b6 5.Ne2 Ne4 6.Qc2 Bb7 7.a3 Bxc3+ 8.Nxc3 f5
9.b3 O-O 10.Bb2 Qe7 11.O-O-O d5 12.f3 Nxc3 13.Qxc3 Nd7 14.Kb1 Rac8 15.Rg1 Kh8
16.Be2 c5 17.dxc5 Nxc5 18.g4 f4 19.exf4 Rxf4 20.Qe3 Rf7 21.g5 dxc4 22.g6 hxg6
23.Rxg6 e5 24.Bxc4 Rxf3 25.Rh6+ {#r} 1-0

[Event "It (cat.8)"]
[Site "masterchessopen.com Alushta (Ukraine)"]
[Date "2005.09.27"]
[Round "4"]
[White "Pimonenko Boris (RUS)"]
[Black "Alexeev Alexey (UKR)"]
[Result "1-0"]
[WhiteElo "2308"]
[BlackElo "2356"]

1.d4 Nf6 2.c4 e6 3.Nc3 Bb4 4.e3 b6 5.Ne2 Bb7 6.a3 Be7 7.d5 O-O 8.g3 a5 9.Bg2
Na6 10.O-O Nc5 11.b3 Re8 12.e4 exd5 13.exd5 Bd6 14.Bb2 Be5 15.Qc2 Nfe4 16.Rad1
Nd6 17.b4 Na6 18.Qb3 Qe7 19.Nd4 g6 20.Na4 axb4 21.axb4 Bxd4 22.Bxd4 b5 23.cxb5
Nxb5 24.Bc5 Nxc5 25.bxc5 c6 26.Nb6 Ra3 27.Qb2 Rc3 28.Nxd7 Qxd7 29.dxc6 Qc7
30.Qxb5 Bc8 31.Qb6 Qe5 32.Rd5 Qe7 33.c7 Be6 34.Rd8 Rc2 35.Qd6 {#r} 1-0

[Event "Ch Iran (team)"]
[Site "masterchessopen.com Teheran (Iran)"]
[Date "2005.09.29"]
[Round "10"]
[White "Roghani Arash (IRI)"]
[Black "Lamei Hossein (IRI)"]
[Result "1-0"]
[WhiteElo "2382"]
[BlackElo "2152"]

1.d4 Nf6 2.c4 e6 3.Nc3 Bb4 4.e3 b6 5.Ne2 Bb7 6.a3 Be7 7.d5 exd5 8.cxd5 O-O
9.g3 d6 10.Bg2 Nbd7 11.O-O Re8 12.b4 a6 13.Nd4 Bf8 14.Bb2 Ne5 15.Qe2 g6 16.h3
Bg7 17.f4 Ned7 18.Qf2 b5 19.e4 Nb6 20.Rae1 Nc4 21.Ba1 Qd7 22.Nc6 Bxc6 23.dxc6
Qd8 24.a4 bxa4 25.Qa2 Nb6 26.e5 Nh5 27.g4 Ng3 28.e6 fxe6 29.Rf3 Qh4 30.Rxe6 d5
31.Rxe8+ Rxe8 32.Nxd5 Re1+ 33.Kh2 Nxd5 34.Qxd5+ Kf8 35.Bxg7+ {#r} 1-0

[Event "Ch Netherlands (team) 2005/06"]
[Site "masterchessopen.com Netherlands"]
[Date "2005.11.05"]
[Round "3"]
[White "Konings Leon (NED)"]
[Black "Douven Rudy C (NED)"]
[Result "0-1"]
[WhiteElo "2302"]
[BlackElo "2406"]

1.d4 Nf6 2.c4 e6 3.Nc3 Bb4 4.e3 b6 5.Ne2 Bb7 6.a3 Bxc3+ 7.Nxc3 O-O 8.Bd3 d6
9.O-O Nbd7 10.b4 a5 11.b5 e5 12.Ra2 Re8 13.f3 d5 14.Qb3 exd4 15.exd4 Nf8 16.c5
bxc5 17.dxc5 d4 18.Ne4 Bxe4 19.fxe4 Ne6 20.Rc2 Qe7 21.e5 Nd7 22.c6 Nxe5 23.Bf5
d3 24.Rc3 Nd4 25.Qb2 Ne2+ 26.Kh1 Nxc3 27.Qxc3 Qd6 28.Bf4 f6 29.h3 a4 30.Bxe5
Rxe5 {#R} 0-1

[Event "Bundesliga 2005/06"]
[Site "masterchessopen.com Germany"]
[Date "2005.12.11"]
[Round "6"]
[White "Fish Gennadij (GER)"]
[Black "Klimm Wolf-Dietrich (GER)"]
[Result "1-0"]
[WhiteElo "2550"]
[BlackElo "2287"]

1.d4 Nf6 2.c4 e6 3.Nc3 Bb4 4.e3 b6 5.Ne2 Ne4 6.Qc2 Bb7 7.a3 Bxc3+ 8.Nxc3 f5
9.Nxe4 Bxe4 10.Qc3 Bb7 11.Bd2 O-O 12.O-O-O d6 13.f3 Nd7 14.Kb1 Qe7 15.Bd3 c5
16.Qc2 Rac8 17.Bc3 Qf7 18.Rhe1 e5 19.Bf1 cxd4 20.exd4 e4 21.d5 exf3 22.gxf3 b5
23.Bb4 bxc4 24.Bxd6 Rfe8 25.Rxe8+ Rxe8 26.Bxc4 Nb6 27.Bb3 Rd8 28.Bc7 Bxd5
29.Bxb6 {#r} 1-0

[Event "It (cat.5)"]
[Site "masterchessopen.com Nancy (France)"]
[Date "2006.02.26"]
[Round "9"]
[White "Becker Martin (GER)"]
[Black "Pucher Olivier (FRA)"]
[Result "1-0"]
[WhiteElo "2315"]
[BlackElo "2306"]

1.d4 Nf6 2.c4 e6 3.Nc3 Bb4 4.e3 b6 5.Ne2 Bb7 6.a3 Be7 7.d5 O-O 8.g3 b5 9.Nf4
bxc4 10.Bxc4 exd5 11.Ncxd5 c6 12.Nxf6+ Bxf6 13.O-O d5 14.Be2 Nd7 15.Qc2 Qe7
16.Bd2 c5 17.Bf3 Nb6 18.Rfe1 Rfd8 19.Ba5 Rd7 20.Rac1 Nc4 21.Nxd5 Rxd5 22.Qxc4
Rd7 23.Bxb7 Rxb7 24.b4 cxb4 25.axb4 g6 26.e4 Qe5 27.Qc6 Qe7 28.Bc7 Qxb4 29.Rb1
Bb2 30.Re2 {#r} 1-0

[Event "It (open)"]
[Site "masterchessopen.com Reykjavik (Iceland)"]
[Date "2006.03.09"]
[Round "4"]
[White "Zaremba Andrie (USA)"]
[Black "Ward Christopher (ENG)"]
[Result "0-1"]
[WhiteElo "2321"]
[BlackElo "2456"]

1.d4 Nf6 2.c4 e6 3.Nc3 Bb4 4.e3 b6 5.Ne2 Ne4 6.Qc2 Bb7 7.a3 Bxc3+ 8.Nxc3 Nxc3
9.Qxc3 Qf6 10.b3 O-O 11.Bb2 Qh6 12.Rd1 d6 13.d5 Nd7 14.Be2 Nf6 15.Bf3 e5
16.O-O Rae8 17.Qc2 Bc8 18.b4 e4 19.Be2 Qg6 20.Kh1 Bg4 21.Bxg4 Nxg4 22.c5 f5
23.h3 Ne5 24.Bxe5 Rxe5 25.cxb6 cxb6 26.Qc7 f4 27.exf4 Rxf4 28.Qxa7 Rg5 29.Rc1
h6 30.Rc8+ Kh7 31.Qb8 Qf7 32.Qxb6 Qxd5 33.Qe3 Qf5 34.Re8 d5 35.f3 Rg3 36.Kh2
exf3 37.Kxg3 Qg5+ 38.Kf2 fxg2+ 39.Qxf4 gxf1=Q+ {#R} 0-1

[Event "Ch England (team) 2005/06 (4 div)"]
[Site "masterchessopen.com England"]
[Date "2006.03.18"]
[Round "7"]
[White "Varley Peter (WLS)"]
[Black "Kendall Paul S W (ENG)"]
[Result "1-0"]
[WhiteElo "2258"]
[BlackElo "2080"]

1.d4 Nf6 2.c4 e6 3.Nc3 Bb4 4.e3 b6 5.Ne2 Bb7 6.a3 Be7 7.Ng3 d5 8.cxd5 Nxd5
9.e4 Nxc3 10.bxc3 Nd7 11.Bd3 c5 12.O-O Qc7 13.Qe2 O-O-O 14.Be3 h5 15.Rfb1 h4
16.Nf1 Nf6 17.f3 Nh5 18.Ba6 Kb8 19.Bxb7 Kxb7 20.a4 f5 21.a5 Ra8 22.Qc4 cxd4
23.Qxd4 Bc5 24.Qxc5 Qxc5 25.Bxc5 Kc6 26.Bd4 h3 27.g3 b5 28.exf5 exf5 29.Re1
{#r} 1-0

[Event "Ch Russia (club) (1 liga)"]
[Site "masterchessopen.com Sochi (Russia)"]
[Date "2006.04.21"]
[Round "2"]
[White "Gutov Andrey (RUS)"]
[Black "Bocharov Dmitry (RUS)"]
[Result "0-1"]
[WhiteElo "2505"]
[BlackElo "2577"]

1.d4 Nf6 2.c4 e6 3.Nc3 Bb4 4.e3 b6 5.Ne2 Ne4 6.Qc2 Bb7 7.a3 Bxc3+ 8.Nxc3 Nxc3
9.Qxc3 O-O 10.b3 d6 11.Bb2 Nd7 12.f3 f5 13.Be2 Qh4+ 14.g3 Qh6 15.O-O-O Rae8
16.h3 e5 17.d5 f4 18.Rdg1 fxe3 19.Kb1 c6 20.Bc1 cxd5 21.cxd5 Bxd5 {#R} 0-1

[Event "It (open)"]
[Site "masterchessopen.com Cutro (Italy)"]
[Date "2006.04.23"]
[Round "1"]
[White "Sardo Gabriele (ITA)"]
[Black "Wohl Aleksandar H (AUS)"]
[Result "0-1"]
[WhiteElo "2258"]
[BlackElo "2427"]

1.d4 Nf6 2.c4 e6 3.Nc3 Bb4 4.e3 b6 5.Ne2 O-O 6.a3 Be7 7.g3 Ba6 8.Bg2 c6 9.d5
Qc7 10.Qb3 cxd5 11.cxd5 exd5 12.O-O Nc6 13.Re1 Qe5 14.Qa4 Bc4 15.b4 Bxe2
16.Rxe2 Qxc3 17.Bb2 Qd3 {#R} 0-1

[Event "Ch Ukraine (1/2 final)"]
[Site "masterchessopen.com Alushta (Ukraine)"]
[Date "2006.05.15"]
[Round "3"]
[White "Ajrapetjan Yuriy (UKR)"]
[Black "Sysoenko Aleksey (UKR)"]
[Result "1-0"]
[WhiteElo "2403"]
[BlackElo "2287"]

1.d4 Nf6 2.c4 e6 3.Nc3 Bb4 4.e3 b6 5.Ne2 Bb7 6.a3 Be7 7.d5 O-O 8.Ng3 d6 9.Be2
c6 10.e4 Nbd7 11.O-O Qc7 12.Bf4 a6 13.Rc1 Rfd8 14.dxc6 Bxc6 15.Nd5 exd5
16.cxd5 Nc5 17.dxc6 Nfxe4 18.Nf5 Ne6 19.Be3 Bf6 20.f3 N4c5 21.b4 Bb2 22.bxc5
Bxc1 23.Qxc1 bxc5 24.Qc3 Ra7 25.Bg5 Re8 26.Rd1 h5 27.Bc4 Qxc6 28.Rxd6 Qc7
29.h4 Rb7 30.Bf4 Rb1+ 31.Kh2 Qa7 32.Nxg7 Qc7 33.Nf5 Qa7 34.Nh6+ Kf8 35.Qh8+
Ke7 36.Nf5# 1-0